| 000 | 00966 a2200265 4500 | ||
|---|---|---|---|
| 001 | 117711 | ||
| 020 | _a9788538061137 | ||
| 020 | _q(broch.) | ||
| 041 | _apor | ||
| 082 | _a[Fic] | ||
| 100 | _aBanks, Rosie | ||
| 240 | 1 | 0 | _aMagic mountain |
| 490 | _aO reino secreto | ||
| 520 | _aAs amigas Ellie, Summer e Jasmine vão para a gelada Montanha Mágica e precisam ajudar os duendes da neve a se livrarem do quinto relâmpago da terrível rainha Malícia, antes que todos os duendes congelem! | ||
| 521 | _aYear 4 | ||
| 697 | _aLiteratura infantojuvenil - ficção | ||
| 856 | _u00002c/00002cb2.jpg | ||
| 040 |
_aBR-BrIDEA _cBR-BrIDEA |
||
| 090 |
_aA Year 4 [Fic] _bBAN |
||
| 245 | 1 | 0 |
_aA montanha mágica _cRosie Banks ; tradução de Monique D'Orazio ; ilustração de Orchard Books |
| 260 |
_aBarueri, SP _bCiranda Cultural _c2017 |
||
| 300 |
_a128 p. _bil. _e20 cm. |
||
| 700 |
_aD'Orazio, Monique _etradutor _aOrchard Books _eilustrador |
||
| 942 | _cBK | ||
| 999 |
_c117711 _d117711 |
||